000 00568nam a2200217Ia 4500
003 OSt
005 20240809103046.0
008 210210b1983 xxu||||| |||| 00| 0 eng d
040 _cAL
041 _aEng
082 _a809.88914 SAHR
100 _aSAHITYA AKADEMI.
_9176087
245 _aRaja Rammohun Roy: Makers of Indian literature
260 _aN D
_bSahitya Akademi
_c1983
300 _a63
650 _aRaja Rammohun Roy
_9176088
690 _aIndian Literature
_9176089
700 _aSaumyendranath Tagore
_9176090
906 _a053681
942 _2ddc
_cBK
999 _c101771
_d101771